000 00732nam a2200265Ia 4500
003 OSt
005 20220918181011.0
006 a|||||r|||| 00| 0
007 ta
008 220917b |||||||| |||| 00| 0 eng d
024 _a25,099
037 _cTextual
040 _aARTS
_cARTS
_beng
041 _2eng
_aeng
082 _aO111,1K21:g, M5 (EO)
100 _aWilcher Robert
_918076
245 0 _aAndrew Marvell
260 _aCambridge
_bCambridge University Press USA
_c1985
300 _axi,191p.
_ccm.
490 _aBritish and Irish authors
500 _aBib 185-91p
650 _aENGLISH LITERATURE
942 _hO111,1K21:g, M5 (EO)
_cTEXL
_2CC
999 _c164006
_d164006